| 000 | 00820nam a22002897a 4500 | ||
|---|---|---|---|
| 003 | CHAP | ||
| 005 | 20220329134942.0 | ||
| 008 | 971013s1962 r 00010 d | ||
| 010 | _a28594 | ||
| 011 | _a29566 | ||
| 035 | _a33677 | ||
| 040 | _cCHAP | ||
| 082 |
_a530 _bK6 |
||
| 100 | 0 | 0 |
_aKompaneyetz, A. S. _963678 |
| 245 | _aTheoretical physics | ||
| 260 |
_aNew York : _bDover, _c1962 |
||
| 300 | _a592 p. | ||
| 590 |
_aBATCH-UPD _b10 _c20130110 _lUCH01 _h0029 |
||
| 590 |
_aBATCH-UPD _b10 _c20130110 _lUCH01 _h1405 |
||
| 590 |
_aBATCH-UPD _b10 _c20130410 _lUCH01 _h0855 |
||
| 590 |
_aBATCH-UPD _b10 _c20130914 _lUCH01 _h1421 |
||
| 590 |
_aCONVERSION _b10 _c20130109 _lUCH01 _h1316 |
||
| 650 | 1 | 4 |
_aFĂsica. _941975 |
| 901 | _aBK | ||
| 942 | _cLIBRO | ||
| 949 |
_a530 K6 _bBC _cLIBRO _d33724000937058 _eLIBRO _h27919 _i33677 _si |
||
| 999 |
_c28594 _d28594 |
||